[Event "FRA-ch op-A"]
[Site "Pau"]
[Date "2008.08.17"]
[Round "6"]
[White "Marciniak, Alexandre"]
[Black "Fievet, Patrick"]
[Result "1-0"]
[WhiteElo "2186"]
[BlackElo "2091"]
[PlyCount "93"]
[EventDate "2008.08.11"]
[EventType "swiss"]
[EventRounds "9"]
[EventCountry "FRA"]
[SourceTitle "CBM 126 Extra"]
[Source "ChessBase"]
[SourceDate "2008.11.05"]
[SourceVersion "1"]
[SourceVersionDate "2008.11.05"]
[SourceQuality "1"]

1. e4 e6 2. d4 d5 3. Nd2 dxe4 4. Nxe4 Nd7 5. Nf3 Ngf6 6. Nxf6+ Nxf6 7. c3 c5 8. Ne5 a6 9. Bg5 cxd4 10. Qa4+ Bd7 11. Qxd4 Be7 12. Rd1 Bb5 13. Bxb5+ axb5 14. Qf4 Qc7 15. 0-0 0-0 16. Ng6 Qxf4 17. Nxe7+ Kh8 18. Bxf4 Rfe8 19. Bd6 Rxa2 20. f3 Rxb2 21. Be5 Rxe7 22. Rd8+ Re8 23. Bxf6 Rxd8 24. Bxd8 b4 25. cxb4 Rxb4 26. Rd1 h6 27. Rd7 Kg8 28. Be7 Rb2 29. Rd8+ Kh7 30. Rd4 Rc2 31. Rb4 Rc7 32. Bd8 Rd7 33. Bb6 Rd6 34. Bc7 Rd7 35. Rxb7 Kg6 36. Ra7 h5 37. Bb6 Rd6 38. Be3 Rc6 39. Kf2 Rc2+ 40. Kg3 Re2 41. Bd4 e5 42. Re7 Kf6 43. Rxe5 Rxe5 44. f4 Kf5 45. Bxe5 g5 46. Bg7 h4+ 47. Kf3 1-0

[Event "FRA-ch op-A"]
[Site "Pau"]
[Date "2008.08.15"]
[Round "4"]
[White "Cheron, Stephane"]
[Black "Fievet, Patrick"]
[Result "0-1"]
[WhiteElo "1990"]
[BlackElo "2091"]
[PlyCount "82"]
[EventDate "2008.08.11"]
[EventType "swiss"]
[EventRounds "9"]
[EventCountry "FRA"]
[SourceTitle "CBM 126 Extra"]
[Source "ChessBase"]
[SourceDate "2008.11.05"]
[SourceVersion "1"]
[SourceVersionDate "2008.11.05"]
[SourceQuality "1"]

1. e4 e6 2. d4 d5 3. e5 c5 4. c3 Nc6 5. Nf3 cxd4 6. cxd4 Nge7 7. a3 Nf5 8. b4 Bd7 9. Be2 Qb6 10. Be3 Rc8 11. 0-0 Be7 12. Nbd2 0-0 13. Nb3 Nxe3 14. fxe3 f6 15. exf6 Bxf6 16. Nc5 Qc7 17. Rc1 b6 18. Nd3 Qd6 19. Nf4 g6 20. Bd3 Nxd4 21. Rxc8 Nxf3+ 22. Qxf3 Bxc8 23. Bxg6 hxg6 24. Nxg6 Rf7 25. Qg4 Bg7 26. Rc1 Ba6 27. Qg5 e5 28. b5 Bb7 29. h4 Qf6 30. Qg3 Kh7 31. h5 Qf5 32. h6 Qxg6 33. Qxg6+ Kxg6 34. hxg7 Kxg7 35. Kh2 Kf6 36. Kg3 Ke6 37. Rh1 d4 38. exd4 exd4 39. Rh5 Rg7+ 40. Kh3 Bxg2+ 41. Kh2 Be4 0-1

[Event "FRA-ch op-A"]
[Site "Pau"]
[Date "2008.08.12"]
[Round "1"]
[White "Fievet, Patrick"]
[Black "Ane, Regis"]
[Result "1-0"]
[WhiteElo "2091"]
[BlackElo "1993"]
[PlyCount "91"]
[EventDate "2008.08.11"]
[EventType "swiss"]
[EventRounds "9"]
[EventCountry "FRA"]
[SourceTitle "CBM 126 Extra"]
[Source "ChessBase"]
[SourceDate "2008.11.05"]
[SourceVersion "1"]
[SourceVersionDate "2008.11.05"]
[SourceQuality "1"]

1. e4 c5 2. Nf3 d6 3. Bb5+ Bd7 4. Bxd7+ Qxd7 5. 0-0 Nc6 6. c3 Nf6 7. Re1 e5 8. d4 Be7 9. d5 Nd8 10. c4 0-0 11. Nc3 Ne8 12. Qd3 Bf6 13. Rb1 g6 14. Bh6 Bg7 15. Bxg7 Nxg7 16. b4 cxb4 17. Rxb4 b6 18. Reb1 Nb7 19. Qe3 Rac8 20. Nd2 f5 21. Qh6 Nc5 22. exf5 Qxf5 23. Qe3 Qd7 24. Nde4 Nxe4 25. Nxe4 Nf5 26. Qh3 Qe7 27. a4 Rc7 28. Qg4 Nd4 29. g3 Kg7 30. a5 h5 31. Qd1 b5 32. cxb5 Qf7 33. Rxd4 exd4 34. Qxd4+ Kh6 35. Qe3+ Kg7 36. Ng5 Qf5 37. Rd1 Qc2 38. Re1 Rcf7 39. Nxf7 Rxf7 40. Qd4+ Kg8 41. Re8+ Rf8 42. Re7 Rf7 43. Rxf7 Kxf7 44. Qxa7+ Kf6 45. Qd4+ Kf5 46. Qf4# 1-0

[Event "FRA-ch op-A"]
[Site "Aix les Bains"]
[Date "2007.08.25"]
[Round "11"]
[White "Guerande, Pierre Franck"]
[Black "Fievet, Patrick"]
[Result "1/2-1/2"]
[WhiteElo "2140"]
[BlackElo "2055"]
[PlyCount "30"]
[EventDate "2007.08.13"]
[EventType "swiss"]
[EventRounds "11"]
[EventCountry "FRA"]
[SourceTitle "CBM 120 Extra"]
[Source "ChessBase"]
[SourceDate "2007.11.01"]
[SourceVersion "1"]
[SourceVersionDate "2007.11.01"]
[SourceQuality "1"]

1. d4 d5 2. c4 c6 3. Nf3 Nf6 4. e3 Bf5 5. Nc3 e6 6. Bd3 Bxd3 7. Qxd3 Nbd7 8. 0-0 Be7 9. e4 dxe4 10. Nxe4 Nxe4 11. Qxe4 Nf6 12. Qe2 0-0 13. Rd1 Qc7 14. Bg5 Rad8 15. Rd3 c5 1/2-1/2

[Event "Reunion op 08th"]
[Site "Etang Sale"]
[Date "2006.10.20"]
[Round "8"]
[White "Gretry, Patrice"]
[Black "Fievet, Patrick"]
[Result "0-1"]
[WhiteElo "2062"]
[BlackElo "2088"]
[PlyCount "82"]
[EventDate "2006.10.14"]
[EventType "swiss"]
[EventRounds "9"]
[EventCountry "FRA"]
[SourceTitle "EXT 2007"]
[Source "ChessBase"]
[SourceDate "2006.11.23"]
[SourceVersion "1"]
[SourceVersionDate "2006.11.23"]
[SourceQuality "1"]

1. e4 e6 2. d3 d5 3. Nd2 Ne7 4. f4 g6 5. Ngf3 Bg7 6. c3 c5 7. Be2 Nbc6 8. 0-0 0-0 9. e5 Nf5 10. Nb3 b6 11. g4 Nfe7 12. Be3 Ba6 13. Rc1 Qd7 14. c4 dxc4 15. dxc4 Qxd1 16. Rfxd1 Rad8 17. Nbd2 f5 18. h3 h6 19. a3 Bb7 20. Nb1 fxg4 21. hxg4 Nd4 22. Nxd4 cxd4 23. Bd2 Be4 24. Bb4 Rf7 25. Nd2 Bb7 26. Rf1 Nc6 27. Bd6 Bf8 28. c5 bxc5 29. Bxc5 Bxc5 30. Rxc5 d3 31. Bf3 Nd4 32. Bxb7 Rxb7 33. b4 Rf7 34. Kg2 Nc2 35. Rf3 Ne1+ 36. Kf2 Nxf3 37. Kxf3 g5 38. f5 exf5 39. gxf5 Rxf5+ 40. Kg4 Rf2 41. Ne4 Rf4+ 0-1

[Event "Reunion op 08th"]
[Site "Etang Sale"]
[Date "2006.10.19"]
[Round "6"]
[White "Rei Rosa, Jean Jacques"]
[Black "Fievet, Patrick"]
[Result "0-1"]
[WhiteElo "1825"]
[BlackElo "2088"]
[PlyCount "150"]
[EventDate "2006.10.14"]
[EventType "swiss"]
[EventRounds "9"]
[EventCountry "FRA"]
[SourceTitle "EXT 2007"]
[Source "ChessBase"]
[SourceDate "2006.11.23"]
[SourceVersion "1"]
[SourceVersionDate "2006.11.23"]
[SourceQuality "1"]

1. d4 d5 2. Bf4 Nf6 3. Nf3 c6 4. c3 Bf5 5. e3 Nh5 6. Bg5 h6 7. Bh4 g5 8. Bg3 Nxg3 9. hxg3 Bg7 10. Bd3 Bxd3 11. Qxd3 Nd7 12. e4 e6 13. exd5 cxd5 14. Na3 a6 15. Nc2 Qb6 16. 0-0 0-0 17. Qd2 Rac8 18. Nb4 Nf6 19. Nd3 Ne4 20. Qe2 Rfd8 21. Nfe5 Qc7 22. Kh2 f6 23. Nf3 b6 24. Rad1 a5 25. Nd2 f5 26. Nf3 b5 27. a3 Re8 28. Nfe5 Nd6 29. Rfe1 Nc4 30. Kg1 Nxe5 31. Nxe5 Bxe5 32. Qxe5 Qxe5 33. Rxe5 Rc4 34. Rb1 b4 35. Re3 Kf7 36. b3 Rxc3 37. Rxc3 bxc3 38. Rc1 Rc8 39. Kf1 c2 40. Ke2 Rc3 41. a4 Rxb3 42. Rxc2 Rb4 43. Kd3 Rxa4 44. Rc7+ Kf6 45. Rh7 Ra3+ 46. Kd2 Ra2+ 47. Ke3 f4+ 48. gxf4 gxf4+ 49. Kxf4 Rxf2+ 50. Kg3 Kg6 51. Re7 Re2 52. Ra7 Re4 53. Rxa5 Rxd4 54. Ra8 h5 55. Re8 Kf5 56. Rf8+ Ke5 57. Rh8 h4+ 58. Kf3 Rf4+ 59. Ke2 Ke4 60. Ra8 e5 61. Ra3 d4 62. Rb3 Rg4 63. Kf2 Rg3 64. Rb4 Ra3 65. Rb2 Kf4 66. Rd2 d3 67. Rd1 Ra2+ 68. Kg1 e4 69. Kh2 d2 70. Kh3 e3 71. Rf1+ Kg5 72. g3 hxg3 73. Rg1 e2 74. Rb1 e1Q 75. Rxe1 dxe1R 0-1

[Event "Reunion op 08th"]
[Site "Etang Sale"]
[Date "2006.10.15"]
[Round "3"]
[White "Fievet, Patrick"]
[Black "Lorans, Sylvain"]
[Result "0-1"]
[WhiteElo "2088"]
[BlackElo "2156"]
[PlyCount "94"]
[EventDate "2006.10.14"]
[EventType "swiss"]
[EventRounds "9"]
[EventCountry "FRA"]
[SourceTitle "EXT 2007"]
[Source "ChessBase"]
[SourceDate "2006.11.23"]
[SourceVersion "1"]
[SourceVersionDate "2006.11.23"]
[SourceQuality "1"]

1. e4 c6 2. d4 d5 3. e5 Bf5 4. Nf3 e6 5. Be2 Ne7 6. 0-0 c5 7. c4 Nbc6 8. Nc3 dxc4 9. Bxc4 Nxd4 10. Nxd4 cxd4 11. Ne2 Nc6 12. Bb5 Bc5 13. b4 Bb6 14. Bb2 d3 15. Nf4 Bd4 16. Bxd4 Qxd4 17. Qf3 0-0 18. Nxd3 Rad8 19. Bxc6 Bxd3 20. Rad1 bxc6 21. Rd2 Qe4 22. Rfd1 Qxb4 23. Rxd3 Rd5 24. Rxd5 exd5 25. h3 Rd8 26. Qf5 Qe7 27. f4 c5 28. Rb1 c4 29. Qc2 Qc7 30. Rc1 Qc5+ 31. Kh1 Qe3 32. Rf1 c3 33. Rf3 Qe1+ 34. Kh2 d4 35. Rd3 h5 36. a4 h4 37. a5 Qg3+ 38. Rxg3 hxg3+ 39. Kxg3 d3 40. Qxc3 d2 41. e6 d1Q 42. exf7+ Kxf7 43. Qc4+ Qd5 44. Qc7+ Rd7 45. Qc8 Qd4 46. Kg4 Qd3 47. Qc6 Qg6+ 0-1

[Event "Reunion-ch"]
[Site "Reunion"]
[Date "2006.02.05"]
[Round "6"]
[White "Fievet, Patrick"]
[Black "Alfonsi, Jean Francois"]
[Result "1-0"]
[WhiteElo "2106"]
[BlackElo "2091"]
[PlyCount "91"]
[EventDate "2005.11.26"]
[EventType "swiss"]
[EventRounds "9"]
[EventCountry "RUF"]
[SourceTitle "EXT 2008"]
[Source "ChessBase"]
[SourceDate "2007.11.25"]
[SourceVersion "1"]
[SourceVersionDate "2007.11.25"]
[SourceQuality "1"]

1. e4 g6 2. d4 Bg7 3. Nf3 d6 4. Bc4 c6 5. Nc3 Nf6 6. Qe2 0-0 7. e5 Ne8 8. 0-0 Bg4 9. Re1 d5 10. Bb3 f6 11. exf6 exf6 12. h3 Bxf3 13. Qxf3 f5 14. Nxd5 Kh8 15. Nf4 Nc7 16. c3 Nd7 17. Nd3 Nf6 18. Bg5 h6 19. Bf4 Nfd5 20. Be5 Qh4 21. Bg3 Qd8 22. Be5 Qh4 23. Bxg7+ Kxg7 24. c4 Nf6 25. Re7+ Rf7 26. Rxf7+ Kxf7 27. Ne5+ Kg7 28. Rd1 Rd8 29. d5 cxd5 30. cxd5 Ne4 31. Qe3 b6 32. Nc6 Re8 33. Nxa7 f4 34. Qd4+ Kh7 35. Rc1 Na6 36. Bc4 Nac5 37. b4 f3 38. Bf1 Qg5 39. Qe3 fxg2 40. Bxg2 Qxd5 41. bxc5 bxc5 42. Qf4 Re7 43. Nb5 Qd3 44. Re1 Qxb5 45. Rxe4 Qb1+ 46. Kh2 1-0

[Event "Reunion-ch"]
[Site "Reunion"]
[Date "2006.02.04"]
[Round "4"]
[White "Lorans, Sylvain"]
[Black "Fievet, Patrick"]
[Result "1-0"]
[WhiteElo "2159"]
[BlackElo "2106"]
[PlyCount "111"]
[EventDate "2005.11.26"]
[EventType "swiss"]
[EventRounds "9"]
[EventCountry "RUF"]
[SourceTitle "EXT 2008"]
[Source "ChessBase"]
[SourceDate "2007.11.25"]
[SourceVersion "1"]
[SourceVersionDate "2007.11.25"]
[SourceQuality "1"]

1. Nf3 d5 2. d4 c6 3. c4 Nf6 4. Nc3 a6 5. c5 Nbd7 6. Bf4 Nh5 7. e3 Nxf4 8. exf4 g6 9. Qd2 Bg7 10. Rc1 0-0 11. Bd3 Qc7 12. 0-0 Bh6 13. g3 e5 14. dxe5 Nxe5 15. Nxe5 Qxe5 16. fxe5 Bxd2 17. Rc2 Bh6 18. Kg2 Bg7 19. Re1 Bd7 20. Na4 Rae8 21. Nb6 Be6 22. Rce2 Re7 23. b4 Rfe8 24. a4 f6 25. exf6 Bxf6 26. b5 axb5 27. axb5 Kf7 28. bxc6 bxc6 29. h4 Bd4 30. Rc1 Bg4 31. Ra2 Be2 32. Ra4 Bf6 33. Ba6 Ra7 34. Bb5 Rxa4 35. Bxa4 Re6 36. Nd7 Ke7 37. Nxf6 Kxf6 38. f4 Bd3 39. Kf2 Ke7 40. Re1 Be4 41. Re2 Kd7 42. Bb3 Kc7 43. Ke1 Kb7 44. Kd2 Ka6 45. Kc3 Kb5 46. Kd4 Rf6 47. Rb2 Ka6 48. Bd1 h5 49. Rb6+ Ka7 50. Ba4 Bf5 51. Bxc6 Re6 52. Bxd5 Re1 53. Rb7+ Ka6 54. c6 Rg1 55. Bc4+ Ka5 56. Kc5 1-0

[Event "Sainte Marie op"]
[Site "Sainte Marie"]
[Date "2005.10.23"]
[Round "9"]
[White "Caron, Jean Marie"]
[Black "Fievet, Patrick"]
[Result "0-1"]
[WhiteElo "1912"]
[BlackElo "2106"]
[PlyCount "46"]
[EventDate "2005.10.15"]
[EventType "swiss"]
[EventRounds "9"]
[EventCountry "FRA"]
[SourceTitle "EXT 2006"]
[Source "ChessBase"]
[SourceDate "2005.11.24"]
[SourceVersion "1"]
[SourceVersionDate "2005.11.24"]
[SourceQuality "1"]

1. c4 c6 2. d4 d5 3. e3 Nf6 4. Nc3 a6 5. a4 e6 6. Nf3 Bb4 7. Bd2 0-0 8. Be2 dxc4 9. Bxc4 c5 10. 0-0 Nc6 11. Ne2 Bxd2 12. Qxd2 cxd4 13. Nexd4 Nxd4 14. Qxd4 Qxd4 15. Nxd4 Bd7 16. Rfd1 Rac8 17. Bb3 Rfd8 18. a5 Ne4 19. Rac1 Nc5 20. Bc2 Na4 21. b3 Nc3 22. Rd3 e5 23. Rxc3 Rxc3 0-1

[Event "Sainte Marie op"]
[Site "Sainte Marie"]
[Date "2005.10.16"]
[Round "2"]
[White "Blard, Jerome"]
[Black "Fievet, Patrick"]
[Result "0-1"]
[WhiteElo "1866"]
[BlackElo "2106"]
[PlyCount "154"]
[EventDate "2005.10.15"]
[EventType "swiss"]
[EventRounds "9"]
[EventCountry "FRA"]
[SourceTitle "EXT 2006"]
[Source "ChessBase"]
[SourceDate "2005.11.24"]
[SourceVersion "1"]
[SourceVersionDate "2005.11.24"]
[SourceQuality "1"]

1. b3 d5 2. e3 Bf5 3. d4 Nf6 4. Bd3 Bxd3 5. Qxd3 c6 6. Nf3 e6 7. 0-0 Bd6 8. c4 0-0 9. Ba3 Bxa3 10. Nxa3 Nbd7 11. Nc2 Re8 12. Rfd1 Qc7 13. cxd5 exd5 14. b4 Ne4 15. Rdc1 Re6 16. Nce1 Rae8 17. b5 Nb6 18. bxc6 bxc6 19. Nd2 Nxd2 20. Qxd2 Nc4 21. Qe2 Qb6 22. Qc2 Qc7 23. Nf3 Rb8 24. Rab1 Rb6 25. Rb3 Re8 26. Nd2 Nxd2 27. Qxd2 Rxb3 28. axb3 Rb8 29. Rc3 Rb6 30. Qc2 Qb7 31. f3 g6 32. Kf2 a5 33. Qa2 a4 34. Ke1 Rxb3 35. Rxb3 axb3 36. Qb2 Qb4+ 37. Ke2 Qc4+ 38. Kd2 h5 39. e4 h4 40. e5 Kg7 41. f4 Kg8 42. g3 h3 43. g4 Qf1 44. f5 gxf5 45. gxf5 Qxf5 46. Kc3 Qf3+ 47. Kb4 Qd3 48. Ka3 Kf8 49. Qf2 Qc2 50. Qf6 Qg6 51. Qh8+ Ke7 52. Qh4+ f6 53. Kxb3 Qd3+ 54. Kb2 Qe2+ 55. Kc3 Qf3+ 56. Kb2 Kd7 57. exf6 Qg2+ 58. Kc3 Ke6 59. Qf4 Kf7 60. Kd3 Qg6+ 61. Kc3 Qxf6 62. Qc7+ Kg6 63. Qg3+ Qg5 64. Qxh3 Qc1+ 65. Kb3 Qc4+ 66. Ka3 Qxd4 67. Qe6+ Qf6 68. Qg4+ Kf7 69. Qh5+ Ke7 70. Kb3 Kd6 71. Qh3 c5 72. Qg3+ Kc6 73. h4 c4+ 74. Ka2 Qd4 75. Qh2 c3 76. Kb1 Qd1+ 77. Ka2 Qd2+ 0-1

[Event "Reunion op 07th"]
[Site "Reunion"]
[Date "2004.10.14"]
[Round "6"]
[White "Lacrosse, Marc"]
[Black "Fievet, Patrick"]
[Result "1/2-1/2"]
[WhiteElo "2264"]
[BlackElo "2132"]
[PlyCount "71"]
[EventDate "2004.10.09"]
[EventType "swiss"]
[EventRounds "9"]
[EventCountry "RUF"]
[SourceTitle "CBM 102 Extra"]
[Source "ChessBase"]
[SourceDate "2004.11.03"]
[SourceVersion "1"]
[SourceVersionDate "2004.11.03"]
[SourceQuality "1"]

1. d4 d5 2. c4 c6 3. Nf3 Nf6 4. Nc3 dxc4 5. a4 Bf5 6. Ne5 e6 7. f3 c5 8. e4 cxd4 9. exf5 Bb4 10. fxe6 fxe6 11. Bxc4 dxc3 12. Qxd8+ Kxd8 13. Ke2 Ke7 14. bxc3 Bd6 15. Ba3 Bxa3 16. Rxa3 Nbd7 17. Nd3 Rac8 18. Ba2 Nc5 19. Nxc5 Rxc5 20. Rb1 Rc7 21. Rab3 b6 22. a5 Nd5 23. axb6 axb6 24. Rc1 Rhc8 25. Kd2 b5 26. Bb1 b4 27. Bxh7 bxc3+ 28. Ke2 Rh8 29. Be4 Rxh2 30. Kf2 Rh8 31. Bxd5 exd5 32. Rbxc3 Rxc3 33. Rxc3 Kd6 34. Ke3 Ra8 35. Rb3 Ra7 36. Kd4 1/2-1/2

[Event "Reunion op 07th"]
[Site "Reunion"]
[Date "2004.10.09"]
[Round "1"]
[White "Fievet, Patrick"]
[Black "Caron, Antoine"]
[Result "1-0"]
[WhiteElo "2132"]
[BlackElo "1450"]
[PlyCount "78"]
[EventDate "2004.10.09"]
[EventType "swiss"]
[EventRounds "9"]
[EventCountry "RUF"]
[SourceTitle "CBM 102 Extra"]
[Source "ChessBase"]
[SourceDate "2004.11.03"]
[SourceVersion "1"]
[SourceVersionDate "2004.11.03"]
[SourceQuality "1"]

1. e4 c5 2. Nf3 d6 3. Bb5+ Nd7 4. 0-0 Ngf6 5. Re1 a6 6. Bf1 Qc7 7. c3 g6 8. d4 Bg7 9. h3 0-0 10. Bg5 b5 11. e5 dxe5 12. dxe5 Nh5 13. Bxe7 Re8 14. Bd6 Qa7 15. g4 Nf4 16. Qd2 Ne6 17. Na3 Bb7 18. Bg2 c4 19. b4 h6 20. Qe3 Qxe3 21. Rxe3 Nf4 22. Ne1 Bxg2 23. Nxg2 Nxg2 24. Kxg2 Re6 25. f4 Nb6 26. Rd1 f5 27. gxf5 gxf5 28. Bc5 Na4 29. Rd5 Nb2 30. Nc2 Nd3 31. Kf3 Rae8 32. Nd4 Rg6 33. Nxf5 Bf8 34. Bxf8 Kxf8 35. Rexd3 cxd3 36. Rxd3 Rc8 37. Nd6 Rc6 38. Ke4 Rg2 39. Kd5 Rxa2 1-0

[Event "Paris-ch op"]
[Site "Paris"]
[Date "2000.07.16"]
[Round "2"]
[White "Spiridonov, Nikola"]
[Black "Fievet, Patrick"]
[Result "1-0"]
[WhiteElo "2400"]
[BlackElo "2099"]
[PlyCount "67"]
[EventDate "2000.07.15"]
[EventType "swiss"]
[EventRounds "9"]
[EventCountry "FRA"]
[SourceTitle "EXT 2001"]
[Source "ChessBase"]
[SourceDate "2000.11.22"]
[SourceVersion "1"]
[SourceVersionDate "2000.11.22"]
[SourceQuality "1"]

1. c4 e5 2. g3 Nf6 3. Bg2 Bc5 4. Nc3 0-0 5. e3 Nc6 6. Nge2 d6 7. 0-0 Bg4 8. h3 Be6 9. d4 exd4 10. exd4 Nxd4 11. Nxd4 Bxc4 12. Re1 c6 13. Be3 Re8 14. Qa4 Bd3 15. Red1 Bg6 16. Nxc6 Qb6 17. Bxc5 dxc5 18. Na5 Qxb2 19. Qb3 Qxb3 20. axb3 Rab8 21. Nxb7 Bc2 22. Rdc1 Bxb3 23. Nxc5 Rec8 24. Nxb3 Rxb3 25. Nd5 Rxc1+ 26. Rxc1 h6 27. Rc8+ Kh7 28. Nxf6+ gxf6 29. Rc7 Ra3 30. Bd5 a5 31. Kg2 Ra1 32. Bxf7 a4 33. Ra7 a3 34. Ba2+ 1-0

[Event "FRA-ch Accession"]
[Site "Chambery"]
[Date "1994.??.??"]
[Round "5"]
[White "Labarthe, Arnaud"]
[Black "Fievet, Patrick"]
[Result "1-0"]
[WhiteElo "2095"]
[BlackElo "2240"]
[PlyCount "113"]
[EventDate "1994.??.??"]
[EventType "swiss"]
[EventRounds "11"]
[EventCountry "FRA"]
[SourceTitle "EXT 2004"]
[Source "ChessBase"]
[SourceDate "2003.11.25"]
[SourceVersion "1"]
[SourceVersionDate "2003.11.25"]
[SourceQuality "1"]

1. d4 Nf6 2. c4 e5 3. dxe5 Ng4 4. Bf4 Bb4+ 5. Nd2 Nc6 6. Ngf3 Qe7 7. e3 Ngxe5 8. Nxe5 Nxe5 9. Be2 Bxd2+ 10. Qxd2 d6 11. 0-0 0-0 12. Bg3 a5 13. c5 dxc5 14. Qd5 Nc6 15. Rfc1 Nd4 16. Bd3 Ne6 17. Rc4 g6 18. Bc2 Rd8 19. Qe4 f5 20. Qe5 Qg7 21. h4 Qxe5 22. Bxe5 b5 23. Rc3 b4 24. Rd3 Ba6 25. Rxd8+ Rxd8 26. Rd1 Rxd1+ 27. Bxd1 Kf7 28. g4 Bd3 29. gxf5 gxf5 30. Kg2 c4 31. Kg3 c6 32. Ba4 Be4 33. f3 Bd5 34. Bc2 c3 35. bxc3 Bxa2 36. cxb4 axb4 37. Bxf5 h5 38. Bd6 b3 39. Ba3 c5 40. Bd3 Ke7 41. f4 Kf7 42. Bc4 Kf6 43. Bb2+ Ke7 44. f5 Nf8 45. Kf4 Nd7 46. Bg7 Nf6 47. Kg5 Ne4+ 48. Kxh5 Nd6 49. f6+ Ke8 50. Bd5 c4 51. Kg6 Bb1+ 52. e4 b2 53. f7+ Nxf7 54. Bxf7+ Kd7 55. Bxb2 Bxe4+ 56. Kf6 Bd3 57. h5 1-0

[Event "Hyeres op"]
[Site "Hyeres"]
[Date "1992.??.??"]
[Round "?"]
[White "Fievet, Patrick"]
[Black "Mazzoni, Guy"]
[Result "1/2-1/2"]
[WhiteElo "2270"]
[BlackElo "2225"]
[PlyCount "59"]
[EventDate "1992.07.??"]
[EventType "swiss"]
[EventRounds "9"]
[EventCountry "FRA"]
[SourceTitle "TD"]
[Source "ChessBase"]
[SourceDate "1994.03.01"]
[SourceVersion "1"]
[SourceVersionDate "1994.03.01"]
[SourceQuality "1"]

1. e4 e5 2. Nf3 Nc6 3. Bb5 a6 4. Ba4 Nf6 5. 0-0 Be7 6. Re1 b5 7. Bb3 0-0 8. d4 d6 9. dxe5 Nxe5 10. Nxe5 dxe5 11. Bg5 Bb7 12. Nc3 c6 13. Qf3 Nd7 14. Bxe7 Qxe7 15. Rad1 Nc5 16. Qe3 Rad8 17. Ne2 Bc8 18. Ng3 a5 19. a3 g6 20. Ne2 Bg4 21. f3 Be6 22. Bxe6 Nxe6 23. Qb6 Qc5+ 24. Qxc5 Nxc5 25. Kf2 Rfe8 26. g3 Kf8 27. h4 h5 28. Nc1 Ke7 29. Ke3 f6 30. b3 1/2-1/2

[Event "FRA-ch Accession"]
[Site "Montpellier"]
[Date "1991.??.??"]
[Round "11"]
[White "Collas, Didier"]
[Black "Fievet, Patrick"]
[Result "1-0"]
[WhiteElo "2280"]
[BlackElo "2270"]
[PlyCount "147"]
[EventDate "1991.??.??"]
[EventType "swiss"]
[EventRounds "11"]
[EventCountry "FRA"]
[SourceTitle "EXT 1999"]
[Source "ChessBase"]
[SourceDate "1998.11.16"]
[SourceVersion "1"]
[SourceVersionDate "1998.11.16"]
[SourceQuality "1"]

1. d4 Nf6 2. c4 c5 3. d5 b5 4. Nf3 Bb7 5. a4 bxc4 6. Nc3 d6 7. e4 g6 8. Bxc4 Bg7 9. Qe2 0-0 10. h3 a5 11. 0-0 Na6 12. Bf4 Nb4 13. Rfd1 Nd7 14. Rac1 Nb6 15. b3 Nxc4 16. bxc4 f6 17. Nb5 Qb6 18. Bd2 Bc8 19. Bc3 Bd7 20. Ba1 Rae8 21. Qd2 Rf7 22. Qf4 Qb8 23. Rd2 Bf8 24. Nh2 h5 25. Qg3 Kh7 26. Rcd1 Bh6 27. Re2 Rg8 28. Qf3 Rfg7 29. Nf1 Be8 30. Bb2 Bd7 31. Rde1 Rf8 32. Qg3 Rfg8 33. Qb3 Qc8 34. Nh2 Bf4 35. Rf1 Rf8 36. Qf3 Bh6 37. Qg3 Qb8 38. Nf3 Qc8 39. Nd2 Qb8 40. Nb3 Qb6 41. Kh1 Rgg8 42. Qf3 Qd8 43. Ree1 Qb6 44. Qe2 Bf4 45. Bc3 Bh6 46. f4 Bg7 47. Nd2 e5 48. f5 Be8 49. fxg6+ Bxg6 50. Nf3 Bh6 51. Nh4 Bg5 52. Nf5 Rd8 53. Bd2 Bxd2 54. Qxd2 Bxf5 55. Rxf5 Rg6 56. Rxh5+ Kg7 57. Rf1 Rg8 58. Qe2 Qd8 59. Rh4 Rh8 60. Rg4 Rhh6 61. Rxg6+ Rxg6 62. Rf2 Qe7 63. Qf3 Rh6 64. Kh2 Rg6 65. Rd2 Rh6 66. Qg4+ Rg6 67. Qc8 Rh6 68. Qe6 Kf8 69. Nxd6 Qxe6 70. dxe6 Nc6 71. Nf5 Rh7 72. Rd5 Ke8 73. Rxc5 Rc7 74. h4 1-0

[Event "FRA-ch Accession"]
[Site "Montpellier"]
[Date "1991.??.??"]
[Round "4"]
[White "Fievet, Patrick"]
[Black "Zimmermann, Walter"]
[Result "1-0"]
[WhiteElo "2270"]
[BlackElo "2250"]
[PlyCount "79"]
[EventDate "1991.??.??"]
[EventType "swiss"]
[EventRounds "11"]
[EventCountry "FRA"]
[SourceTitle "EXT 1999"]
[Source "ChessBase"]
[SourceDate "1998.11.16"]
[SourceVersion "1"]
[SourceVersionDate "1998.11.16"]
[SourceQuality "1"]

1. e4 e6 2. d4 d5 3. e5 c5 4. c3 Nc6 5. Nf3 cxd4 6. cxd4 Nh6 7. Bxh6 gxh6 8. Nc3 a6 9. Qd2 Bg7 10. Bd3 f6 11. 0-0 fxe5 12. dxe5 Bd7 13. Rae1 Qe7 14. a3 0-0 15. Ne2 Rxf3 16. gxf3 Nxe5 17. Kg2 Nxd3 18. Qxd3 Bb5 19. Qd2 Rf8 20. f4 Qh4 21. Rg1 Bxe2 22. Qxe2 Kh8 23. Qxe6 Qxf4 24. Qe3 Qxe3 25. Rxe3 Bxb2 26. Rb3 Bd4 27. Rf1 b6 28. Rd3 Bc5 29. f4 Rf5 30. a4 a5 31. Kg3 Kg7 32. Kg4 Kf6 33. Rh3 Kg6 34. Rxh6+ Kxh6 35. Kxf5 Kg7 36. Ke6 d4 37. Rf3 Kf8 38. f5 b5 39. axb5 a4 40. Kd5 1-0